LAW OF COPYRIGHT (Record no. 195200)

MARC details
000 -LEADER
fixed length control field 00338nam a2200145Ia 4500
008 - FIXED-LENGTH DATA ELEMENTS--GENERAL INFORMATION
fixed length control field 220923s9999 xx 000 0 und d
020 ## - INTERNATIONAL STANDARD BOOK NUMBER
International Standard Book Number 978-81-8038-835-4
082 ## - DEWEY DECIMAL CLASSIFICATION NUMBER
Item number CHA
100 ## - MAIN ENTRY--PERSONAL NAME
Personal name CHAWLA, ALKA
245 #0 - TITLE STATEMENT
Title LAW OF COPYRIGHT
260 ## - PUBLICATION, DISTRIBUTION, ETC.
Name of publisher, distributor, etc. LEXIS NEXIS, GURGAON
Date of publication, distribution, etc. 2013
300 ## - PHYSICAL DESCRIPTION
Extent 316
650 ## - SUBJECT ADDED ENTRY--TOPICAL TERM
Topical term or geographic name entry element Copyright Law
942 ## - ADDED ENTRY ELEMENTS (KOHA)
Koha item type Book
Holdings
Withdrawn status Lost status Damaged status Not for loan Home library Current library Shelving location Date acquired Cost, normal purchase price Total Checkouts Barcode Date last seen Price effective from Koha item type
        Mewar University Central Library Mewar University Central Library Law 18/11/2014 395.00   L3762 23/09/2022 18/11/2014 Book